Том 7; Труды института торфа

Bibliografske podrobnosti
Parent link:Труды института торфа: сборник/ Академия наук Белорусской ССР (АН БССР), Институт торфа (ИТ). Том 7.— , 1951-
Drugi avtorji: Белькевич П. И. (редактор)
Jezik:ruščina
Izdano: 1959
Teme:
Format: MixedMaterials Knjiga
KOHA link:https://koha.lib.tpu.ru/cgi-bin/koha/opac-detail.pl?biblionumber=205353

MARC

LEADER 00000nam2a2200000 4500
001 205353
005 20231101225256.0
035 |a (RuTPU)RU\TPU\book\223815 
035 |a RU\TPU\book\223693 
090 |a 205353 
100 |a 20111208d1959 k y0rusy50 ca 
101 0 |a rus 
102 |a BY 
105 |a a z 001zy 
200 0 |a Том 7  |f под ред. П. И. Белькевича 
210 |d 1959 
215 |a 305 с.  |c ил. 
320 |a Библиогр. в конце ст. 
461 1 |0 (RuTPU)RU\TPU\book\223500  |t Труды института торфа  |o сборник  |f Академия наук Белорусской ССР (АН БССР), Институт торфа (ИТ)  |v Том 7  |d 1951- 
606 1 |a Торф  |x Использование в народном хозяйстве  |2 stltpush  |3 (RuTPU)RU\TPU\subj\61058  |9 78266 
610 1 |a торфяная промышленность 
610 1 |a переработка 
610 1 |a торфяники 
610 1 |a Белоруссия 
610 1 |a фрезерный торф 
610 1 |a гранулирование 
610 1 |a сельское хозяйство 
610 1 |a удобрения 
610 1 |a гуминовые кислоты 
610 1 |a торфяное сырье 
610 1 |a сырьевые ресурсы 
610 1 |a торфяной воск 
675 |a 622.331  |v 3 
702 1 |a Белькевич  |b П. И.  |4 340 
801 1 |a RU  |b 63413507  |c 20111206 
801 2 |a RU  |b 63413507  |c 20160204  |g RCR 
942 |c BK